| 000 | 00378cam a2200157ua 4500 | ||
|---|---|---|---|
| 041 |
_aeng _h |
||
| 082 |
_a824 _bJOH/JO |
||
| 100 | _aJohnson, . | ||
| 245 |
_aJohnson: Prose and poetry / _cJohnson. _hTextual Documents |
||
| 250 |
_a1 / _b. |
||
| 260 |
_aLondon : _bOxford University Press , _c1961. |
||
| 300 | _a195 ; . | ||
| 504 | _a | ||
| 942 | _cBK | ||
| 999 |
_c7571 _d7571 |
||